Błędne nazwy geograficzne - Statystyki

Ogólne statystyki
  • Ten quiz został rozwiązany 19 razy
  • Średni wynik to 5 z 9
Statystyki odpowiedzi
Zagadnienie Odpowiedź % Poprawnych
Panstwo ( mogą być historyczne ) buthan
84%
Japońskie miasto Nagamino
84%
morze Doknesa
74%
wyspa Mambano
74%
Terytoria zalerzne (ono jest niepodległe Wy.marshalla
58%
Jezioro Bedas
37%
wyspa Desman
37%
Góra Bakkan
21%
Państwo historyczne Baskowie
21%
Nie znaleziono quizów pasujących do podanych kryteriów
Rozkład punktacji
Procent ludzi z każdym wynikiem
Percentyl według liczby udzielonych odpowiedzi
Twoja historia wyników
Nie rozwiązałeś tego quizu